LEADER 01439nam a2200313 a 4500 001 000000153785 003 CaOOAMICUS 005 20160912180034.0 008 160912s2010 it u000 u ita r 020 $a978-88-6342-156-9* 032 $aLibriCat 040 $aPUL$bita 100 1 $aDi Stasi, Angela.$0(OLS)http://pul/name/87145 245 10$aDiritti umani e sicurezza regionale :$bil «sistema» europeo /$cAngela Di Stasi ; presentazione di Maria Rita Saulle. 250 $aII edizione riveduta e ampliata. 260 $aNapoli :$bEditoriale Scientifica,$c©2010. 300 $a336 p. ;$c24 cm. 490 1 $aStudi e documenti di Diritto Internazionale e Comunitario ;$v24 504 $aBibliografia in nota a pič pagina. 650 4$aDiritti umani$zEuropa.$0(OLS)http://pul/subject/25882 700 1 $aSaulle, Maria Rita.$0(OLS)http://pul/name/29442 830 0$aStudi e documenti di Diritto Internazionale e Comunitario ;$v24.$0(OLS)http://pul/title/193308 850 $aPUL 852 $aPUL$W1$xDP1 Fondo G. Barberini$y122$m4 B 48$j163261$qFondi$B179734$CPULBib$Z2$F179734 $HBar1162 $81 941 1 $a1 996 $6020$a978-88-6342-156-9*$9(OLS)http://pul/number/161003 996 $6245$aDiritti umani e sicurezza regionale :$bil «sistema» europeo$9(OLS)http://pul/title/193307 996 $6260$aNapoli :$bEditoriale Scientifica$9(OLS)http://pul/publisher/64720 LEADER 01835nam a2200385 a 4500 001 000000157206 003 CaOOAMICUS 005 20161207122928.0 008 161206s2012 it u000 u ita r 020 $a978-88-575-0843-6* 032 $aLibriCat 040 $aPUL$bita 041 0 $aita$aeng 082 14$a340.1 245 00$aEidetica del diritto e ontologia sociale :$bil realismo di Adolf Reinach = Eidetics of law and social ontology. Adolf Reinach, the realist./$ca cura Francesca De Vecchi. 246 31$aEidetics of law and social ontology. Adolf Reinach, the realist. 260 $aMilano :$bMimesis,$c©2012. 300 $a384 p. ; $c21 cm. 490 1 $aLabont ;$v04 504 $aContiene riferimenti bibliografici. 546 $aContiene testi in italiano e inglese. 600 14$aReinach, Adolf,$d1883-1918?.$0(OLS)http://pul/subject/26003 650 4$aFilosofia del diritto.$0(OLS)http://pul/subject/620 700 1 $aDe Vecchi, Francesca Maria.$0(OLS)http://pul/name/52654 830 0$aLabont (Mimesis) ;$v04.$0(OLS)http://pul/title/196812 850 $aPUL 852 $aPUL$W1$xSL Diritto e Scienze Sociali 3$y79$m340.1 DEYFR 2$j180497$qDDC 21$B183617$CPULBib$Z2$F183617 $H128510 $81 941 1 $a9 960 $aDiritto$xFilosofia$9620 996 $6020$a978-88-575-0843-6*$9(OLS)http://pul/number/161651 996 $6082$a340.1$9(OLS)http://pul/classification/476 996 $6245$aEidetica del diritto e ontologia sociale :$bil realismo di Adolf Reinach = Eidetics of law and social ontology. Adolf Reinach, the realist./$9(OLS)http://pul/title/196810 996 $6246$aEidetics of law and social ontology. Adolf Reinach, the realist.$9(OLS)http://pul/title/196811 996 $6260$aMilano :$bMimesis$9(OLS)http://pul/publisher/62763